000
00318 a2200133 4500
000
nam a22 7a 4500
100
_a
Lance, Fowler
110
_a
Lance, Fowler
245
_a
Biochemistry of Nucleic Acids
250
_a
latest edition
260
_b
BRILLIANCE
_c
2026
264
_b
BRILLIANCE
_c
2026
942
_c
BK
999
_c
394079
_d
394079